| 000 | 00512nam a2200181Ia 4500 | ||
|---|---|---|---|
| 003 | OSt | ||
| 005 | 20200630120817.0 | ||
| 008 | 190216s9999||||xx |||||||||||||| ||und|| | ||
| 040 | _coclc | ||
| 082 |
_a934 _bTHA/A |
||
| 100 |
_aThapar, Romila _9444 |
||
| 245 | 0 |
_aAsoka And The Decline Of The Mauryas / _cRomila Thapar |
|
| 250 | _a2nd Ed. | ||
| 260 |
_bOxford University Press, _c1982. _aNew Delhi: |
||
| 300 | _a285p | ||
| 650 | _aHistory | ||
| 942 |
_cBK _2ddc _h934 _iTHA/A _k934 _mTHA/A |
||
| 999 |
_c19248 _d19248 |
||